Where did the football (soccer) player NOT play - Statistics

General Stats
  • This quiz has been taken 4,057 times
  • The average score is 12 of 15
Answer Stats
Question Answer % Correct
David Beckham Inter Miami C.F.
91%
Cristiano Ronaldo Al-Ahli
90%
Fernando Torres Levante UD
88%
Thierry Henry Real Madrid
88%
Gianluigi Buffon Sampdoria
85%
Petr Čech Bayer Leverkusen
83%
Frank Lampard Fulham
83%
Ronaldo Luís Nazário de Lima Juventus
79%
Dani Alves FC Porto
76%
Robin van Persie Sparta Rotterdam
76%
Didier Drogba Olympique Lyonnais
69%
Samuel Eto’o AC Milan
67%
Vincent Kompany Burnley
64%
Javier Mascherano Flamengo
63%
Johan Cruijff Málaga CF
63%
No matching quizzes found
Score Distribution
Percent of People with Each Score
Percentile by Number Answered
Your Score History
You have not taken this quiz